Welcome to CU Library Online Public Access Catalogue (OPAC)

The handbook for teaching leadership : (Record no. 419)

MARC details
000 -LEADER
fixed length control field 00752cam a22002174a 4500
001 - CONTROL NUMBER
control field 16883531
005 - DATE AND TIME OF LATEST TRANSACTION
control field 20241030195624.0
008 - FIXED-LENGTH DATA ELEMENTS--GENERAL INFORMATION
fixed length control field 110721s2012 caua b 001 0 eng
020 ## - INTERNATIONAL STANDARD BOOK NUMBER
International Standard Book Number 9781412990943 (cloth : acidfree paper)
Qualifying information Hardcover
050 00 - LIBRARY OF CONGRESS CALL NUMBER
Classification number HD57.7
Item number .H3562 2012
082 00 - DEWEY DECIMAL CLASSIFICATION NUMBER
Classification number 658.4/07124
Edition information 23
245 04 - TITLE STATEMENT
Title The handbook for teaching leadership :
Remainder of title knowing, doing, and being /
Statement of responsibility, etc. Editors, Scott Snook, Nitin Nohria, Rakesh Khurana.
260 ## - PUBLICATION, DISTRIBUTION, ETC.
Place of publication, distribution, etc. Thousand Oaks :
Name of publisher, distributor, etc. SAGE Publications,
Date of publication, distribution, etc. c2012.
300 ## - PHYSICAL DESCRIPTION
Extent xxix, 569 p. :
Other physical details ill. ;
Dimensions 26 cm.
650 #0 - SUBJECT ADDED ENTRY--TOPICAL TERM
Topical term or geographic name entry element Leadership
General subdivision Study and teaching
650 #0 - SUBJECT ADDED ENTRY--TOPICAL TERM
Topical term or geographic name entry element Leadership.
700 1# - ADDED ENTRY--PERSONAL NAME
Personal name Snook, Scott A.,
Dates associated with a name 1958-
700 1# - ADDED ENTRY--PERSONAL NAME
Personal name Nohria, Nitin,
Dates associated with a name 1962-
700 1# - ADDED ENTRY--PERSONAL NAME
Personal name Khurana, Rakesh,
Dates associated with a name 1967-
942 ## - ADDED ENTRY ELEMENTS (KOHA)
Source of classification or shelving scheme Library of Congress Classification
Koha item type Books
Suppress in OPAC No
999 ## -
-- 419
-- 419
Holdings
Withdrawn status Lost status Source of classification or shelving scheme Damaged status Not for loan Collection Home library Current library Shelving location Date acquired Total checkouts Full call number Barcode Date last seen Copy number Price effective from Koha item type
    Library of Congress Classification     Non-fiction Business Library (Miotso) Business Library (Miotso) General stacks 11/08/2024   HD57.7.H3562 HAN BSSM00000229 11/08/2024 2 11/08/2024 Books
    Library of Congress Classification     Non-fiction Business Library (Miotso) Business Library (Miotso) General stacks 11/08/2024   HD57.7.H3562 HAN BSSM00000230 11/08/2024 3 11/08/2024 Books
    Library of Congress Classification     Non-fiction Business Library (Miotso) Business Library (Miotso) General stacks 11/08/2024   HD57.7.H3562 HAN BSSM00000231 11/08/2024 4 11/08/2024 Books
    Library of Congress Classification     Non-fiction Law Library (Miotso) Law Library (Miotso) General stacks 10/30/2024   HD57.7.H3562 HAN llm00000351 10/30/2024 1 10/30/2024 Books
    Library of Congress Classification     Non-fiction Undergraduate Library (Christ Temple) Undergraduate Library (Christ Temple) General stacks 03/07/2025   HD57.7H3562 HAN ulct00001534 03/07/2025 1 03/07/2025 Books
© 2023-2024 Copyright: Central University Libraries. All Rights Reserved | Created by: Mahone Tech Office